000 00795nam a2200277 a 4500
001 000116188
003 CHAP
005 20220329144604.0
008 191002s2009 mx |r| ||||||spa d
010 _a112649
011 _a113621
020 _a9786079523022
040 _cCHAP
082 0 4 _a339.49
_bK89
100 0 0 _aKras, Eva S.
_963870
245 1 0 _aDesarrollo de una conciencia sustentable /
_cpor Eva S. Kras.
260 _aMéxico, D.F. :
_bEngrupo Editores,
_c2009.
300 _a219 p.
534 _pTít. original :
_tThe Blockage: Rethinking Organizational
590 _aE5765TAJ
_b05
_c20191002
_lUCH01
_h1211
650 1 4 _aCambio organizacional
_xAspectos ambientales.
_9136950
650 1 4 _aPolítica ambiental.
_990422
901 _aBK
942 _cLIBRO
942 _n0
999 _c112649
_d112649